000 00604nam a2200229Ia 4500
003 0100
008 130303s9999 xx 000 0 und d
040 _cARRUPELIB
050 _aLB895.K52 1971
100 _aKneller, George Frederick
245 _aIntroduction to the philosophy of education
250 _a2nd ed.
260 _aNew York
260 _bJohn Wiley and sons
260 _C1971
300 _aviii
300 _b 118p. 21cm.
650 _bCatholic church in Zimbabwe--History
650 _cZimbabwe--Missions--History
650 _dChristianity and culture
942 _2lcc
_07
999 _c61985
_d61985